| 000 | 00832nac a22002777a 4500 | ||
|---|---|---|---|
| 001 | BR9700456 | ||
| 003 | BR-BrBNA | ||
| 005 | 20240105121829.0 | ||
| 008 | 230509b bl.|||m| |||| 00| 0 por d | ||
| 040 |
_aBR-BrBNA _bpor _cBiblioteca Nacional de Agricultura |
||
| 072 | _aF70 | ||
| 090 | _a3290 BR9700456 | ||
| 100 | 1 | _aCarauta, J.P.P. | |
| 100 | 1 | _aRocha, E. de S.F. da | |
| 100 | 1 | _aSilva, D. da C.P. da | |
| 245 | 1 | _aUlmaceae da reserva florestal "Vista Chinesa", Rio de Janeiro | |
| 260 | 3 |
_aRio de Janeiro, RJ (Brasil): _c1996. |
|
| 300 | _a4 p. | ||
| 490 |
_aAlbertoa (Brazil) _vv. 4(14) _xISSN 0103-4944 |
||
| 500 | _aSummaries (En, Pt) | ||
| 650 | _aCrindiuva | ||
| 650 | _aPreservacao da Natureza | ||
| 650 | _aReserva Florestal | ||
| 909 |
_a202312 _bLúcia Elande _c55 _dLúcia Elande |
||
| 942 |
_2AGRIS _n0 _cMS |
||
| 999 |
_c287714 _d287714 |
||